00669nam a2200241 a 4500001001300000003000900013005001700022008004100039020001000080082001700090100001700107245001800124260004400142300000800186500003500194505001000229650002300239700001700262902000800279942000700287952011800294999001500412nice12345678IN_TiNIC20260116012418.0050524s1981 boma grp 000 0 eng  ac10000a220.601bDOD aDodd, Norman aHermeneutics. aBombaybGospel Literature Servicec1981 a59p aincludes index and biblioraphy2 aindex aBible-Commentaries1 aDodd, Norman bSRS cBK 001040708StackRoom-aHMIbHMId2007-06-15g100.00l0o220.601 DODp013346r2007-06-15v100.00w2005-05-24yBK c6917d6917